Doce formas básicas de enseñar: una didáctica basada en la psicología

Guardat en:
Dades bibliogràfiques
Autor principal: Aebli, Hans (Autor)
Format: Llibre
Idioma:espanyol
Publicat: Madrid Narcea 1995
Edició:2a. ed
Col·lecció:Educación Hoy
Matèries:
Etiquetes: Afegir etiqueta
Sense etiquetes, Sigues el primer a etiquetar aquest registre!

MARC

LEADER 00000nam a2200000 a 4500
001 UCT8531
003 CL-VaPUC
008 970326e19950000SP |||||||||||||||||spa|d
020 |a 842771128X 
082 0 4 |a 370.15  |b AEB  |2 21 
100 0 |a Aebli, Hans  |e author  |9 380277 
245 1 0 |a Doce formas básicas de enseñar: una didáctica basada en la psicología 
250 |a 2a. ed 
300 |a 350 p 
942 |c BK 
945 |d 19970326 00:00:00  |a rleighto 
260 |a Madrid  |b Narcea  |c 1995 
650 0 |a Enseñanza  |9 256457 
650 0 |a Psicología educacional   |9 307830 
650 0 |a Psicología del aprendizaje  |9 306854 
650 0 |a Proceso de aprendizaje  |9 343553 
650 0 |a Métodos de enseñanza  |9 270413 
583 |a last modification  |c 19970326 00:00:00  |k Rodrigo Vera 
490 0 |a Educación Hoy 
999 |c 257023  |d 257021 
952 |0 0  |1 0  |4 0  |6 370_150000000000000_AEB_1995  |7 0  |8 A  |9 280232  |a BIBEDU  |b BIBEDU  |d 2019-11-19  |i 3297977  |o 370.15 AEB 1995  |p 3297977  |r 2019-11-19  |w 2019-11-19  |y BK  |k EPE 
952 |0 0  |1 0  |4 0  |6 370_150000000000000_AEB_1995  |7 0  |8 A  |9 280233  |a BIBEDU  |b BIBEDU  |d 2019-11-19  |i 3455459  |o 370.15 AEB 1995  |p 3455459  |r 2019-11-19  |w 2019-11-19  |y BK  |k LIT 
952 |0 0  |1 0  |4 0  |6 370_150000000000000_AEB_1995  |7 0  |8 A  |9 280234  |a BIBEDU  |b BIBEDU  |d 2019-11-19  |i 3458202  |o 370.15 AEB 1995  |p 3458202  |r 2019-11-19  |w 2019-11-19  |y BK  |k LIT 
952 |0 0  |1 0  |4 0  |6 370_150000000000000_AEB_1995  |7 0  |8 A  |9 280235  |a BIBMAT  |b BIBMAT  |c E_DIDACT  |d 2019-11-19  |i 396356K  |o 370.15 AEB 1995  |p 396356K  |r 2025-01-07  |w 2019-11-19  |y BK  |k MAT